000 00429nam a2200181Ia 4500
008 220922s9999||||xx |||||||||||||| ||und||
020 _a8126502002
040 _cSFLIB
041 _aENG
082 _aCOM-APLS
_b111
100 _aDANNY GOODMAN
245 0 _aJAVASCRIPT:
_bBIBLE/
_cby DANNY GOODMAN
250 _a4th ed.
260 _aNEW DELHI :
_bWILEY,
_c2002
300 _a1200 p.
650 _ajavascript
942 _cSFBK
999 _c78078
_d78078